000 00981nam0a22002531 4500
001 rc\441486
005 20260406041727.0
035 _a(NLR Aleph) 005687369
090 _a7138756
_c7138756
100 _a20030616d1987 |||y0rusy50 ca
101 0 _arus
102 _aRU
105 _aa |||||||||
200 1 _aМихаил Ульянов. Герои и время
_fРед. И.Р. Нифонтова
_gХудож. В.В. Иванов
_g[Cоюз театр. деятелей РСФСР]
210 _aМ.
_cСТД РСФСР
_d1987
215 _a155 с.
_cил., цв. ил.
_d22х22
300 _aНа пер. авт. не указан
600 1 _aУльянов
_bМ.А.
_gМихаил Александрович
_2psbo
700 1 _4070
_8rus
_7ca
_aСвободин
_bА. П.
_f1922-1999
_gАлександр Петрович
_3RU\NLR\AUTH\772086
_9112103
801 0 _aRU
_bNLR
_gpsbo
801 1 _aRU
_bELAR
_2rusmarc
852 _aNLR
_bЭ
_jАлИс805/2-У518
942 _cBOOK
980 _aNB